Normal view MARC view
  • Barker DJP

Entry Personal Name

Number of records used in: 1

001 - CONTROL NUMBER

  • control field: 177469

003 - CONTROL NUMBER IDENTIFIER

  • control field: OSt

005 - DATE AND TIME OF LATEST TRANSACTION

  • control field: 20230314152219.0

008 - FIXED-LENGTH DATA ELEMENTS

  • fixed length control field: 230314|| aca||aabn | a|a d

040 ## - CATALOGING SOURCE

  • Original cataloging agency: OSt
  • Transcribing agency: OSt

100 ## - HEADING--PERSONAL NAME

  • Personal name: Barker DJP

670 ## - SOURCE DATA FOUND

  • Source citation: Work cat.: (OSt)137555: Barker DJP, Mothers Babies and Disease in Later Life, 1994